Statistics for Lesotho Country Quiz

Click here to take the quiz!

General Stats

  • This quiz has been taken 8,557 times
    (8,527 since last reset)
  • The average score is 10 of 16

Answer Stats

HintAnswer% Correct
Country which completely surrounds LesothoSouth Africa
99%
Official languagesEnglish
95%
25% of adults in Lesotho are positive for the virus, the second-highest of any countryHIV
93%
Name either of the other two African countries that are monarchiesEswatini | Morocco
85%
Lesotho has the fifth-highest average _____ of any country,
trailing Nepal, Bhutan, Tajikistan, and Kyrgyzstan
Elevation
71%
Capital of LesothoMaseru
61%
Object that appears on Lesotho's flagStraw {Hat}
61%
Endangered mammal that is Lesotho's national animalBlack {Rhinoceros}
61%
Fictional Marvel Cinematic Universe country which was inspired by LesothoWakanda
61%
Name either of the two currencies used in LesothoLoti | Rand
58%
Longest river that runs through LesothoOrange River
52%
Lesotho is home to one of the two __ resorts in southern AfricaSki
51%
Another name of the San people, the original inhabitants of Lesotho{Bush}men
47%
Official languagesSesotho
45%
The eastern parts of Lesotho are covered by this mountain range{Drakens}berg
29%
Lesotho's colonial name{Basuto}land
27%

Score Distribution

Percentile by Number Answered

Percent of People with Each Score

Your Score History

You have not taken this quiz since the last reset